Settling 2018. Main indicators of immigrant integration (Record no. 359123)

MARC details
000 -LEADER
campo di controllo lung. fissa 00653nam a22002057a 4500
003 - Identificatore del numero di controllo
campo di controllo IT-MiCISF
005 - Data e orario dell'ultima transazione
campo di controllo 20210113130654.0
008 - Elementi di lunghezza fissa--Informazione generale
campo di controllo lung. fissa 210113b ||||| |||| 00| 0 eng d
040 ## - Fonte della catalogazione
Agenzia che fa la trascrizione IT-MiCISF
041 ## - Codice di lingua
Codice di lingua del testo/traccia sonora o titolo separato it
100 ## - Accesso principale -- nome di persona
Nome di persona European Commission, OECD
9 (RLIN) 58737
245 ## - Formulazione del titolo
Titolo Settling 2018. Main indicators of immigrant integration
260 ## - Pubblicazione, distribuzione, ecc. (stampa)
Luogo di pubblicazione, distribuzione, ecc. Paris
Nome dell'editore, distributore, ecc. European Commission, OECD
Data di pubblicazione, distribuzione, ecc. 2018
300 ## - Descrizione fisica
Estensione p. 32
500 ## - Nota generale
Nota generale popolazione, società-multiculturale, educazione, lavoro, abitazione, famiglia-migranti, salute, scuola, giovani
501 ## - Nota
Nota formato elettronico
650 ## - Accesso aggiunto di soggetto--termine topico
Termine topico o nome geografico come accesso popolazione
9 (RLIN) 56086
654 ## - Accesso aggiunto di soggetto--termini topici faccettati
Termine principale indagine
942 ## - Dati aggiuntivi (Koha)
Fonte della classificazione o dello schema di collocazione (segnatura) Dewey Decimal Classification
Tipo copia default (Koha) DOCUMENTI
Holdings
Ritirato (status) Perso (status) Fonte della classificazione o dello schema di collocazione (segnatura) Danneggiato (status) Non per il presito Biblioteca proprietaria Biblioteca in cui si trova Data d'acquisizione Totale prestiti Collocazione Data ultima operazione Prezzo in vigore dal Tipo copia default (Koha)
    Dewey Decimal Classification Buone Condizioni Not For Loan CISF - Milano CISF - Milano 13/01/2021   fe41 13/01/2021 13/01/2021 DOCUMENTI
CREDITS: SOCIETA' SAN PAOLO Via A.Severo, 58 - ROMA (RM) & PERIODICI SAN PAOLO SRL Via Giotto, 36 MILANO & CISF Via Giotto, 36 MILANO & EDIZIONI SAN PAOLO SRL,  Piazza Soncino, 5 CINISELLO BALSAMO (MI) -- ITALY